Chefs-lieux des provinces de Belgique - Statistiques

Statistiques générales
  • Ce quiz a été pris 3 926 fois
  • Le résultat moyen est 9 sur 10
Statistiques - réponses
Province Chef-lieu % Correct
Anvers Anvers
96%
Liège Liège
94%
Namur Namur
94%
Flandre Orientale Gand
85%
Hainaut Mons
84%
Flandre Occidentale Bruges
83%
Luxembourg Arlon
82%
Limbourg Hasselt
82%
Brabant wallon Wavre
78%
Brabant flamand Louvain
76%
Aucun quiz correspondant
Distribution des résultats
% des personnes avec chaque résultat
Percentile par nombre de réponses
Votre historique - résultats
Vous n’avez pas pris ce quiz